000 00313pam a2200133 a 4500
020 _c
041 _aeng
082 _bBHA
100 _aManisha Bharambhe .
245 _aObject Oriented Programming Using java
_hTextual Documents
260 _aPune
_bNirali Prakashan
_c2022
300 _a5.48p.
930 _a18345
999 _c95245
_d95245